Statistics for 2024 NFL Draft First Round Picks

Click here to take the quiz!

General Stats

  • This quiz has been taken 20 times
  • The average score is 21 of 32

Answer Stats

PickTeamPositionSchoolPlayer% Correct
1Chicago BearsQBUSCCaleb Williams
100%
12Denver BroncosQBOregonBo Nix
95%
3New England PatriotsQBNorth CarolinaDrake Maye
95%
2Washington CommandersQBLSUJayden Daniels
95%
10Minnesota VikingsQBMichiganJ.J. McCarthy
95%
4Arizona CardinalsWROhio StateMarvin Harrison Jr.
95%
8Atlanta FalconsQBWashingtonMichael Penix Jr.
95%
13Las Vegas RaidersTEGeorgiaBrock Bowers
89%
5Los Angeles ChargersOTNotre DameJoe Alt
89%
6New York GiantsWRLSUMalik Nabers
84%
28Kansas City ChiefsWRTexasXavier Worthy
84%
9Chicago BearsWRWashingtonRome Odunze
79%
23Jacksonville JaguarsWRLSUBrian Thomas Jr.
68%
7Tennessee TitansOTAlabamaJ.C. Latham
68%
21Miami DolphinsDEPenn StateChop Robinson
63%
30Baltimore RavensCBClemsonNate Wiggins
63%
16Seattle SeahawksDTTexasByron Murphy II
58%
17Minnesota VikingsLBAlabamaDallas Turner
58%
19Los Angeles RamsDEFlorida StateJared Verse
58%
11New York JetsOTPenn StateOlu Fashanu
53%
22Philadelphia EaglesCBToledoQuinyon Mitchell
53%
24Detroit LionsCBAlabamaTerrion Arnold
53%
32Carolina PanthersWRSouth CarolinaXavier Legette
53%
26Tampa Bay BuccaneersCDukeGraham Barton
47%
25Green Bay PackersOTArizonaJordan Morgan
47%
15Indianapolis ColtsDEUCLALaiatu Latu
47%
31San Francisco 49ersWRFloridaRicky Pearsall
47%
20Pittsburgh SteelersOTWashingtonTroy Fautanu
47%
18Cincinnati BengalsOTGeorgiaAmarius Mims
42%
14New Orleans SaintsOTOregon StateTaliese Fuaga
42%
29Dallas CowboysOTOklahomaTyler Guyton
37%
27Arizona CardinalsDEMissouriDarius Robinson
32%

Score Distribution

Percentile by Number Answered

Percent of People with Each Score

Your Score History

You have not taken this quiz